000 01021nam a2200301Ia 4500
003 OSt
005 20221007124525.0
006 a|||||r|||| 00| 0
007 ta
008 221006b |||||||| |||| 00| 0 eng d
020 _a8186535195 (pbk)
024 _a189994
037 _b289, 24/03/2014, N R Book Distributors
_cTextual
040 _aCDL
_cCDL
_beng
041 _2eng
_aeng
082 _aE9G,1, N5;13-;14 Carc
100 _aLippard Stephen J
_9504861
245 0 _aPrinciples of bioinorganic chemistry
_b Berg Jeremy M
260 _aNew
_bDelhi Panima
_c1995
300 _axvii, 411p.
_ccm.
500 _aIncludes bibliographical reference; Index 397-411p.
650 _a Bioinorganic Chemistry
_9718068
650 _a Electron transfer proteins
_9719494
650 _aChemistry
700 _a Berg Jeremy M
_9392958
942 _hE9G,1, N5;13-;14 Carc
_cTEXL
_2CC
999 _c1213662
_d1213662